Catálogo
 En Linea

How to approach an adevertising agency and walk away with the job you wat. (Registro nro. 35952)

Detalles MARC
000 -CABECERA
campo de control de longitud fija 00348nam a2200121 a 4500
001 - NÚMERO DE CONTROL
campo de control 000036461
005 - FECHA Y HORA DE LA ÚLTIMA TRANSACCIÓN
campo de control 20200930075737.0
008 - DATOS DE LONGITUD FIJA--INFORMACIÓN GENERAL
campo de control de longitud fija 120118s1993 000 spa d
020 ## - NÚMERO INTERNACIONAL ESTÁNDAR DEL LIBRO
Número Internacional Estándar del Libro 0844235253
040 ## - FUENTE DE LA CATALOGACIÓN
Centro catalogador/agencia de origen DO-SdBNP
245 #0 - MENCIÓN DE TÍTULO
Título How to approach an adevertising agency and walk away with the job you wat.
260 ## - PUBLICACIÓN, DISTRIBUCIÓN, ETC.
Lugar de publicación, distribución, etc. Lincolnwood, Illinois,
Fecha de publicación, distribución, etc. 1993.
Existencias
Estado de retiro Estado de pérdida Restricciones de uso No para préstamo Código de colección Localización permanente Ubicación/localización actual Ubicación en estantería Fecha de adquisición Número de inventario Total de préstamos Signatura topográfica completa Código de barras Fecha visto por última vez Precio válido a partir de Tipo de ítem Koha
      Excluido de préstamo Monografías: Libros y Folletos General General Depósito 18.01.2012 LF1   36462-10 25.06.2020 25.06.2020 No se presta

Con tecnología Koha